Poderoso caballero. El peso del dinero en la política chilena.
Uloženo v:
| Hlavní autor: | |
|---|---|
| Médium: | Kniha |
| Jazyk: | španělština |
| Vydáno: |
Santiago, Chile:
Catalonia; Ediciones Universidad Diego Portales; Escuela de Periodismo,
2016.
|
| Vydání: | Sexta edición. |
| Témata: | |
| Tagy: |
Přidat tag
Žádné tagy, Buďte první, kdo vytvoří štítek k tomuto záznamu!
|
MARC
| LEADER | 00000nam a22000007a 4500 | ||
|---|---|---|---|
| 003 | CL-VaPUC | ||
| 005 | 20241216170015.0 | ||
| 008 | 241210t2016 ||||| |||| 00| 0 spa d | ||
| 999 | |c 446250 |d 446248 | ||
| 020 | |a 978-956-324-399-4 | ||
| 040 | |c Pontificia Universidad Católica de Valparaíso | ||
| 082 | |2 22 |a 324.780983 MAT 2016 | ||
| 100 | |9 458176 |a Matamala, Daniel |e autor | ||
| 245 | |a Poderoso caballero. |b El peso del dinero en la política chilena. | ||
| 250 | |a Sexta edición. | ||
| 260 | |a Santiago, Chile: |b Catalonia; |b Ediciones Universidad Diego Portales; |b Escuela de Periodismo, |c 2016. | ||
| 300 | |a 355 páginas. | ||
| 500 | |a c.1: Donación P.I.I.E. 2-12-2024. | ||
| 583 | |c 20241210 |k Yessy Sthefany Diaz Vidal | ||
| 650 | 0 | |9 464493 |a Campañas electorales |x Financiación |z Chile | |
| 651 | 0 | |9 254862 |a Chile |x Política y gobierno |x Poder económico |y Siglo 20 | |
| 651 | 0 | |9 254862 |a Chile |x Economía |y Siglo 20 |v Periodismo de investigación | |
| 942 | |2 ddc |c BK | ||
| 952 | |0 0 |1 0 |2 ddc |4 0 |6 324_780983000000000_MAT_2016 |7 0 |8 A |9 598591 |a BIBGIM |b BIBGIM |d 2024-12-10 |e Donación |i 5663579 |o 324.780983 MAT 2016 |p 5663579 |r 2025-01-15 |t 1 |w 2024-12-10 |y BK |k ELE | ||